You gotta have the want-to / (Record no. 2754)

MARC details
000 -LEADER
fixed length control field 00881pam a2200265 a 4500
001 - CONTROL NUMBER
control field 531560
003 - CONTROL NUMBER IDENTIFIER
control field GBCCL
005 - DATE AND TIME OF LATEST TRANSACTION
control field 20241126110438.0
008 - FIXED-LENGTH DATA ELEMENTS--GENERAL INFORMATION
fixed length control field 870202s1987 txuac 000 0aeng
010 ## -
-- 87002178
020 ## - INTERNATIONAL STANDARD BOOK NUMBER
International Standard Book Number 0849906113 :
Terms of availability $12.95
040 ## - CATALOGING SOURCE
Original cataloging agency DLC
Transcribing agency DLC
Modifying agency DLC
050 00 -
-- RC388
-- .O36 1987
082 00 - DEWEY DECIMAL CLASSIFICATION NUMBER
Classification number 289.94092
Edition information 19
Item number OGG
100 1# - MAIN ENTRY--PERSONAL NAME
Personal name Oggs, Allan C.
9 (RLIN) 5824
245 10 - TITLE STATEMENT
Title You gotta have the want-to /
Statement of responsibility, etc. Allan C. Oggs, Sr. with Sherry Andrews.
260 ## - PUBLICATION, DISTRIBUTION, ETC.
Place of publication, distribution, etc. Waco, Tex. :
Name of publisher, distributor, etc. Word Books,
Date of publication, distribution, etc. [1987]
300 ## - PHYSICAL DESCRIPTION
Extent xiii, 149 p. :
Other physical details ill., ports. ;
Dimensions 23 cm.
600 10 - SUBJECT ADDED ENTRY--PERSONAL NAME
Personal name Oggs, Allan C.
General subdivision Health.
9 (RLIN) 5825
650 #0 - SUBJECT ADDED ENTRY--TOPICAL TERM
Topical term or geographic name entry element Cerebral palsied
Geographic subdivision United States
General subdivision Biography.
9 (RLIN) 5826
650 #0 - SUBJECT ADDED ENTRY--TOPICAL TERM
Topical term or geographic name entry element Pentecostal churches
Geographic subdivision United States
General subdivision Clergy
-- Biography.
9 (RLIN) 5827
700 1# - ADDED ENTRY--PERSONAL NAME
Personal name Andrews, Sherry,
Dates associated with a name 1953-
9 (RLIN) 5828
906 ## - LOCAL DATA ELEMENT F, LDF (RLIN)
a 7
b cbc
c orignew
d 1
e ocip
f 19
g y-gencatlg
942 ## - ADDED ENTRY ELEMENTS (KOHA)
Source of classification or shelving scheme Dewey Decimal Classification
Koha item type Books
Holdings
Withdrawn status Lost status Source of classification or shelving scheme Damaged status Not for loan Home library Current Library Shelving location Date acquired Total checkouts Full call number Barcode Date last seen Copy number Price effective from Koha item type
    Dewey Decimal Classification     GRACE BIBLE COLLEGE GRACE BIBLE COLLEGE Church History 2017-09-14   289.94092 OGG 008586 2025-05-01 c.1 2017-09-14 Books
© Grace Bible College Library 2025